Аналитическая химия: в 2 т.; пер. с англ.

Dades bibliogràfiques
Autor principal: Кристиан Г. Гэри
Idioma:rus
Publicat: Москва, БИНОМ. Лаборатория знаний, 2009
Col·lecció:Лучший зарубежный учебник
Format: MixedMaterials Llibre
KOHA link:https://koha.lib.tpu.ru/cgi-bin/koha/opac-detail.pl?biblionumber=160768

MARC

LEADER 00000nam1a2200000 4500
001 160768
005 20250327141301.0
010 |a 9785947743890 
035 |a (RuTPU)RU\TPU\book\174359 
090 |a 160768 
100 |a 20090528d2009 m y0rusy50 ca 
101 1 |a rus  |c eng 
102 |a RU 
200 1 |a Аналитическая химия  |e в 2 т.  |e пер. с англ.  |f Г. Кристиан 
210 |a Москва  |c БИНОМ. Лаборатория знаний  |d 2009 
225 1 |a Лучший зарубежный учебник 
700 1 |a Кристиан  |b Г.  |g Гэри 
801 1 |a RU  |b 63413507  |c 20090528  |g PSBO 
942 |c BK